Представление документа в формате RUSMARC

ПолеНазваниеЗначение
  Тип записи a
  Библиографический уровень m
001 Контрольный номер UONB/MAIN/ab4ae260c8d843bf8907825d4f496b21
005 Дата корректировки 20260416130626.2
010 Индекс ISBN __
a ISBN 5-225-01603-0
d Цена 1 р. 10 к.
9 Тираж 50000 экз.
b Уточнения в пер.
100 Данные общей обработки __
a Данные общей обработки 20260416d1989 u y0rusy0189 ca
101 Язык документа 0_
a Язык текста rus
102 Страна публикации __
a Страна публикации RU
105 Кодированные данные (монография) __
a Кодированные данные (монография) a z 001yy
200 Заглавие и сведения об ответственности 1_
a Заглавие Неотложная помощь в оториноларингологии
f Первые сведения об ответственности М. А. Шустер, В. О. Калина, Ф. И. Чумаков
203 Вид содержания и тип средства __
a Вид содержания Текст
b Характеристика содержания визуальный
c Тип средства непосредственный
210 Выходные данные 1_
a Место издания Москва
c Издательство Медицина
d Дата издания 1989
215 Физическое описание __
a Объем 304 с.
d Формат 21 см
c Иллюстрации/тип воспроизводства ил.
225 Серия 1_
a Серия Библиотека практического врача
i Наименование части Неотложная помощь
320 Библиография __
a Библиография Библиогр.: с. 297-301
606 Тематические рубрики 0_
a Основная рубрика Оториноларингологическая помощь неотложная
610 Ключевые слова 0_
a Ключевые слова оториноларингологическая помощь; оториноларингология неотложная
686 Индексы других классификаций __
a Классификационный индекс 56.8
2 Код системы rubbk
700 Автор _1
a Фамилия Шустер
b Имя (инициалы) М. А.
g Полное личное имя Марк Аронович
701 Альтернативная интеллектуальная ответственность _1
a Фамилия Калина
b Имя (инициалы) В. О.
g Полное личное имя Валентин Осипович
701 Альтернативная интеллектуальная ответственность _1
a Фамилия Чумаков
b Имя (инициалы) Ф. И.
g Полное личное имя Федор Иванович
801 Источник записи _0
a Страна RU
b Организация Ульяновская ОНБ
c Дата составления 20260416
g Правила каталогизации RCR
801 Источник записи _1
a Страна RU
b Организация Ульяновская ОНБ
c Дата составления 20260416
g Правила каталогизации RCR
901 Тип документа __
t Тип документа m
909 Создатель записи __
a Создатель записи Оргеткина
b Дата создания записи 20260416